| 000 | 00848nam a22002657a 4500 | ||
|---|---|---|---|
| 005 | 20191224042330.0 | ||
| 008 | 170731b xxu||||| |||| 00| 0 spa d | ||
| 020 | _a9789589906972 | ||
| 040 |
_aCO-BoIAVH _cCO-BoIAVH |
||
| 041 | _aspa | ||
| 044 | _ack | ||
| 082 |
_a598.71 _bC33e |
||
| 100 | 1 | _aCarvajal Rojas, Lyndon | |
| 245 | 1 | 3 | _aEl Loro orejiamarillo del píedemonte Llanero - Cubarral -Meta |
| 260 |
_aBogotá: _bCormacarena, _bUniversidad Distrital, Francisco José de Caldas _c2012. |
||
| 300 | _a102. páginas | ||
| 650 | 1 | 4 | _aEspecie endemica |
| 650 | 1 | 4 | _aHabitat |
| 650 | 1 | 4 | _aDistribucción |
| 650 | 1 | 4 | _aDescripción de la especie |
| 650 | 1 | 4 | _aDensidad poblacional |
| 650 | 1 | 4 | _aHábitos alimenticios |
| 700 | _aMurcia Nova, Marjhy Andrea | ||
| 942 |
_2ddc _cLIBRO |
||
| 999 |
_c19711 _d19711 |
||